Responses for show #5150 - Friday, January 19, 2007

Contestants

[<< previous game]

Jeremy Walker, a student from Mount Juliet, Tennessee

Jason Aucker, a milk plant lab technician from Selinsgrove, Pennsylvania

Linda Schildkraut, an art historian from Bayside, New York (whose 1-day cash winnings total $28,601)

[next game >>]

Jeopardy! Round responses

COLONIAL AMERICA
DISNEY MOVIES BY CHARACTER
(Alex: We'll give you the character.)
HOWARD'S END
FEELS LIKE THE FIRST TIME
THAT'S NONE OF YOUR BUSINESS
BUZZ "OFF"!
    $200 8
planets

Jeremy
    $200 6
Pinocchio

Jason
    $200 17
Taft

Jeremy
    $200 16
Edison

Linda
    $200 26
(Alex: Pequod--the name of one of the ships in Moby-Dick. He called it [*] instead. Remember the character.)

Starbucks

Triple Stumper
    $200 1
offsides

Jason
    $400 9
royal

Linda
    $400 7
Toy Story

Jeremy
    $400 18
Howard Stern

Jeremy
    $400 22
the Barbie doll

Jason
    $400 27
(Linda: What is StarKist?)

Chicken of the Sea

Linda
Triple Stumper
    $400 2
an offshoot

Jason
    $600 10
smallpox

Jeremy
    $600 13
The Lion King

Jason
    $600 19
Howard Johnson

Jeremy
    $600 23
a spacewalk

Jeremy
    $600 28
Western Union

Jason
    $600 3
officiate

Linda
    $800 11
the Stamp Act

Linda
    $800 14
Bambi

Jason
    $800 20
Howard Hughes

Jeremy
    $1,000 24
Philadelphia

Jeremy
    $800 29
Parker

Jason
    $800 4
Offenbach

Jason
    $1000 12
(Jason: What is a stockade?)
...
(Alex: It's [*]--not the stockade.)

the pillory

Jason
Triple Stumper
    $1000 15
Lady And The Tramp

Triple Stumper
    $1000 21
Howard Dean

Jason
    $1000 25
Guy Fawkes

Jeremy
    $1000 30
Remington

Jason
    $1000 5
Off-Broadway

Linda

Scores at the first commercial break (after clue 15):

Linda Jason Jeremy
$2,800 $2,000 $1,200

Scores at the end of the Jeopardy! Round:

Linda Jason Jeremy
$2,600 $5,800 $5,800

Double Jeopardy! Round responses

MARINE LIFE
FAMOUS JEWISH ATHLETES
AMERICAN ISLANDS
FICTION, POLITICAL STYLE
AIR TRAFFIC CONTROL
-ISH
    $400 24
the foot

Jeremy
    $400 9
Torino

Jeremy
    $400 14
Oahu

Jason
    $400 19
Jimmy Carter

Triple Stumper
    $400 6
the takeoff

Jason
    $400 1
abolish

Linda
    $800 25
(Jeremy: What is coral?)

kelp

JasonJeremy
    $800 10
a bullfighter

Linda
    $800 15
Lake Superior

Linda
    $800 20
Barbara Boxer

Jason
    $800 7
visual

Triple Stumper
    $800 2
anguish

Jason
    $1200 26
the beak

Jeremy
    $1200 11
Sandy Koufax

Jeremy
    $2,400 16
Staten Island

Linda
    $1200 21
Bill O'Reilly

Jeremy
    $1200 8
(Linda: What is its call letters?)

the model of the plane

LindaJeremy
    $1200 3
(Jason: What is abolish?)

banish

JasonJeremy
    $1600 27
a sea cucumber

Jeremy
    $1600 12
Schmeling

Jason
    $1600 17
Guam

Jason
    $1600 22
Scooter Libby

Triple Stumper
    $1600 29
shear

Linda
    $1600 4
varnish

Jason
    $2000 28
roe

Jason
    $2000 13
wrestling

Linda
    $2000 18
Kodiak

Linda
    $2000 23
(Jason: Who is Nelson Rockefeller?)

Lynne Cheney

Jason
Triple Stumper
    $3,201 30
altitude and speed

Linda
    $2000 5
cherish

Jason

Scores at the end of the Double Jeopardy! Round:

Linda Jason Jeremy
$14,601 $14,600 $13,400

[wagering suggestions for these scores]

Final Jeopardy! Round responses

WORD ORIGINS
JeremyWhat is hodgepodge
$12,399
JasonWhat is potpourri
$14,590
LindaWHAT is hodgepodge?
$14,600
hodgepodge

Final scores:

Linda Jason Jeremy
$29,201 $10 $25,799
2-day champion: $57,802 3rd place: $1,000 2nd place: $2,000

Game dynamics:

Coryat scores:

Linda Jason Jeremy
$12,200 $14,600 $13,200
13 R
(including 2 DDs),
2 W
21 R,
3 W
18 R
(including 1 DD),
1 W

Combined Coryat: $40,000

The J! Archive is created by fans, for fans. The Jeopardy! game show and all elements thereof, including but not limited to copyright and trademark thereto, are the property of Jeopardy Productions, Inc. and are protected under law. This website is not affiliated with, sponsored by, or operated by Jeopardy Productions, Inc. Join the discussion at JBoard.tv.